Tutti i Pokémon delle gen IV-V-VI (#0387-#0721) - Statistics

Statistiche generali
  • Questo quiz è stato fatto 11 volte
  • Il punteggio medio è 198 su 335
Statistiche sulle risposte
Pokédex Risposta Tipo % Corretto
#0418 Buizel Acqua
88%
#0390 Chimchar Fuoco
88%
#0502 Dewott Acqua
88%
#0483 Dialga Acciaio/Drago
88%
#0395 Empoleon Acqua/Acciaio
88%
#0419 Floatzel Acqua
88%
#0444 Gabite Drago/Terra
88%
#0445 Garchomp Drago/Terra
88%
#0443 Gible Drago/Terra
88%
#0487 Giratina Spettro/Drago
88%
#0392 Infernape Fuoco/Lotta
88%
#0404 Luxio Elettro
88%
#0405 Luxray Elettro
88%
#0429 Mismagius Spettro
88%
#0391 Monferno Fuoco/Lotta
88%
#0501 Oshawott Acqua
88%
#0484 Palkia Acqua/Drago
88%
#0393 Piplup Acqua
88%
#0407 Roserade Erba/Veleno
88%
#0503 Samurott Acqua
88%
#0497 Serperior Erba
88%
#0496 Servine Erba
88%
#0403 Shinx Elettro
88%
#0398 Staraptor Normale/Volante
88%
#0397 Staravia Normale/Volante
88%
#0396 Starly Normale/Volante
88%
#0498 Tepig Fuoco
88%
#0389 Torterra Erba/Terra
88%
#0387 Turtwig Erba
88%
#0493 Arceus Normale
75%
#0406 Budew Erba/Veleno
75%
#0427 Buneary Normale
75%
#0412 Burmy Coleottero
75%
#0555 Darmanitan Fuoco
75%
#0554 Darumaka Fuoco
75%
#0426 Drifblim Spettro/Volante
75%
#0425 Drifloon Spettro/Volante
75%
#0466 Electivire Elettro
75%
#0500 Emboar Fuoco/Lotta
75%
#0592 Frillish Acqua/Spettro
75%
#0649 Genesect Coleottero/Acciaio
75%
#0471 Glaceon Ghiaccio
75%
#0431 Glameow Normale
75%
#0388 Grotle Erba
75%
#0507 Herdier Normale
75%
#0430 Honchkrow Buio/Volante
75%
#0593 Jellicent Acqua/Spettro
75%
#0646 Kyurem Drago/Ghiaccio
75%
#0636 Larvesta Coleottero/Fuoco
75%
#0470 Leafeon Erba
75%
#0510 Liepard Buio
75%
#0506 Lillipup Normale
75%
#0428 Lopunny Normale
75%
#0448 Lucario Lotta/Acciaio
75%
#0467 Magmortar Fuoco
75%
#0515 Panpour Acqua
75%
#0511 Pansage Erba
75%
#0513 Pansear Fuoco
75%
#0504 Patrat Normale
75%
#0519 Pidove Normale/Volante
75%
#0499 Pignite Fuoco/Lotta
75%
#0394 Prinplup Acqua
75%
#0509 Purrloin Buio
75%
#0486 Regigigas Normale
75%
#0643 Reshiram Drago/Fuoco
75%
#0447 Riolu Lotta
75%
#0560 Scrafty Lotta/Buio
75%
#0559 Scraggy Lotta/Buio
75%
#0516 Simipour Acqua
75%
#0512 Simisage Erba
75%
#0514 Simisear Fuoco
75%
#0435 Skuntank Veleno/Buio
75%
#0495 Snivy Erba
75%
#0508 Stoutland Normale
75%
#0434 Stunky Veleno/Buio
75%
#0520 Tranquill Normale/Volante
75%
#0521 Unfezant Normale/Volante
75%
#0480 Uxie Psico
75%
#0494 Victini Psico/Fuoco
75%
#0637 Volcarona Coleottero/Fuoco
75%
#0505 Watchog Normale
75%
#0413 Wormadam Coleottero/-
75%
#0644 Zekrom Drago/Elettro
75%
#0460 Abomasnow Erba/Ghiaccio
63%
#0594 Alomomola Acqua
63%
#0610 Axew Drago
63%
#0482 Azelf Psico
63%
#0411 Bastiodon Roccia/Acciaio
63%
#0614 Beartic Ghiaccio
63%
#0400 Bibarel Normale/Acqua
63%
#0399 Bidoof Normale
63%
#0522 Blitzle Elettro
63%
#0525 Boldore Roccia
63%
#0438 Bonsly Roccia
63%
#0437 Bronzong Acciaio/Psico
63%
#0436 Bronzor Acciaio/Psico
63%
#0565 Carracosta Acqua/Roccia
63%
#0609 Chandelure Spettro/Fuoco
63%
#0421 Cherrim Erba
63%
#0420 Cherubi Erba
63%
#0638 Cobalion Acciaio/Lotta
63%
#0563 Cofagrigus Spettro
63%
#0415 Combee Coleottero/Volante
63%
#0534 Conkeldurr Lotta
63%
#0408 Cranidos Roccia
63%
#0488 Cresselia Psico
63%
#0558 Crustle Coleottero/Roccia
63%
#0615 Cryogonal Ghiaccio
63%
#0613 Cubchoo Ghiaccio
63%
#0491 Darkrai Buio
63%
#0585 Deerling Normale/Erba
63%
#0529 Drilbur Terra
63%
#0621 Druddigon Drago
63%
#0580 Ducklett Acqua/Volante
63%
#0632 Durant Coleottero/Acciaio
63%
#0603 Eelektrik Elettro
63%
#0604 Eelektross Elettro
63%
#0605 Elgyem Psico
63%
#0587 Emolga Elettro/Volante
63%
#0589 Escavalier Coleottero/Acciaio
63%
#0530 Excadrill Terra/Acciaio
63%
#0597 Ferroseed Erba/Acciaio
63%
#0598 Ferrothorn Erba/Acciaio
63%
#0611 Fraxure Drago
63%
#0478 Froslass Ghiaccio/Spettro
63%
#0475 Gallade Psico/Lotta
63%
#0423 Gastrodon Acqua/Terra
63%
#0526 Gigalith Roccia
63%
#0472 Gliscor Terra/Volante
63%
#0622 Golett Terra/Spettro
63%
#0533 Gurdurr Lotta
63%
#0612 Haxorus Drago
63%
#0485 Heatran Fuoco/Acciaio
63%
#0449 Hippopotas Terra
63%
#0450 Hippowdon Terra
63%
#0588 Karrablast Coleottero
63%
#0647 Keldeo Acqua/Lotta
63%
#0401 Kricketot Coleottero
63%
#0402 Kricketune Coleottero
63%
#0608 Lampent Spettro/Fuoco
63%
#0645 Landorus Terra/Volante
63%
#0542 Leavanny Coleottero/Erba
63%
#0607 Litwick Spettro/Fuoco
63%
#0473 Mamoswine Ghiaccio/Terra
63%
#0490 Manaphy Acqua
63%
#0556 Maractus Erba
63%
#0648 Meloetta Normale/Psico
63%
#0481 Mesprit Psico
63%
#0414 Mothim Coleottero/Volante
63%
#0517 Munna Psico
63%
#0518 Musharna Psico
63%
#0417 Pachirisu Elettro
63%
#0536 Palpitoad Acqua/Terra
63%
#0489 Phione Acqua
63%
#0432 Purugly Normale
63%
#0409 Rampardos Roccia
63%
#0524 Roggenrola Roccia
63%
#0479 Rotom Elettro/Spettro
63%
#0627 Rufflet Normale/Volante
63%
#0539 Sawk Lotta
63%
#0586 Sawsbuck Normale/Erba
63%
#0545 Scolipede Coleottero/Veleno
63%
#0537 Seismitoad Acqua/Terra
63%
#0492 Shaymin Erba
63%
#0422 Shellos Acqua
63%
#0410 Shieldon Roccia/Acciaio
63%
#0561 Sigilyph Psico/Volante
63%
#0459 Snover Erba/Ghiaccio
63%
#0581 Swanna Acqua/Volante
63%
#0528 Swoobat Psico/Volante
63%
#0639 Terrakion Roccia/Lotta
63%
#0538 Throh Lotta
63%
#0642 Thundurus Elettro/Volante
63%
#0532 Timburr Lotta
63%
#0564 Tirtouga Acqua/Roccia
63%
#0641 Tornadus Volante
63%
#0535 Tympole Acqua
63%
#0583 Vanillish Ghiaccio
63%
#0582 Vanillite Ghiaccio
63%
#0584 Vanilluxe Ghiaccio
63%
#0543 Venipede Coleottero/Veleno
63%
#0416 Vespiquen Coleottero/Volante
63%
#0640 Virizion Erba/Lotta
63%
#0629 Vullaby Buio/Volante
63%
#0461 Weavile Buio/Ghiaccio
63%
#0544 Whirlipede Coleottero/Veleno
63%
#0527 Woobat Psico/Volante
63%
#0562 Yamask Spettro
63%
#0523 Zebstrika Elettro
63%
#0571 Zoroark Buio
63%
#0570 Zorua Buio
63%
#0617 Accelgor Coleottero
50%
#0424 Ambipom Normale
50%
#0591 Amoonguss Erba/Veleno
50%
#0566 Archen Roccia/Volante
50%
#0567 Archeops Roccia/Volante
50%
#0531 Audino Normale
50%
#0550 Basculin Acqua
50%
#0606 Beheeyem Psico
50%
#0625 Bisharp Buio/Acciaio
50%
#0626 Bouffalant Normale
50%
#0628 Braviary Normale/Volante
50%
#0455 Carnivine Erba
50%
#0441 Chatot Normale/Volante
50%
#0652 Chesnaught Erba/Lotta
50%
#0650 Chespin Erba
50%
#0433 Chingling Psico
50%
#0573 Cinccino Normale
50%
#0546 Cottonee Erba/Folletto
50%
#0453 Croagunk Veleno/Lotta
50%
#0633 Deino Buio/Drago
50%
#0655 Delphox Fuoco/Psico
50%
#0452 Drapion Veleno/Buio
50%
#0578 Duosion Psico
50%
#0477 Dusknoir Spettro
50%
#0557 Dwebble Coleottero/Roccia
50%
#0653 Fennekin Fuoco
50%
#0456 Finneon Acqua
50%
#0590 Foongus Erba/Veleno
50%
#0656 Froakie Acqua
50%
#0657 Frogadier Acqua
50%
#0596 Galvantula Coleottero/Elettro
50%
#0569 Garbodor Veleno
50%
#0623 Golurk Terra/Spettro
50%
#0574 Gothita Psico
50%
#0576 Gothitelle Psico
50%
#0575 Gothorita Psico
50%
#0658 Greninja Acqua/Buio
50%
#0440 Happiny Normale
50%
#0631 Heatmor Fuoco
50%
#0635 Hydreigon Buio/Drago
50%
#0595 Joltik Coleottero/Elettro
50%
#0600 Klang Acciaio
50%
#0707 Klefki Acciaio/Folletto
50%
#0599 Klink Acciaio
50%
#0601 Klinklang Acciaio
50%
#0552 Krokorok Terra/Buio
50%
#0553 Krookodile Terra/Buio
50%
#0463 Lickilicky Normale
50%
#0549 Lilligant Erba
50%
#0457 Lumineon Acqua
50%
#0462 Magnezone Elettro/Acciaio
50%
#0630 Mandibuzz Buio/Volante
50%
#0619 Mienfoo Lotta
50%
#0620 Mienshao Lotta
50%
#0439 Mime Jr. Psico/Folletto
50%
#0572 Minccino Normale
50%
#0446 Munchlax Normale
50%
#0624 Pawniard Buio/Acciaio
50%
#0548 Petilil Erba
50%
#0476 Probopass Roccia/Acciaio
50%
#0579 Reuniclus Psico
50%
#0464 Rhyperior Terra/Roccia
50%
#0551 Sandile Terra/Buio
50%
#0540 Sewaddle Coleottero/Erba
50%
#0616 Shelmet Coleottero
50%
#0451 Skorupi Veleno/Coleottero
50%
#0577 Solosis Psico
50%
#0442 Spiritomb Spettro/Buio
50%
#0618 Stunfisk Terra/Elettro
50%
#0541 Swadloon Coleottero/Erba
50%
#0700 Sylveon Folletto
50%
#0465 Tangrowth Erba
50%
#0468 Togekiss Folletto/Volante
50%
#0454 Toxicroak Veleno/Lotta
50%
#0568 Trubbish Veleno
50%
#0602 Tynamo Elettro
50%
#0547 Whimsicott Erba/Folletto
50%
#0716 Xerneas Folletto
50%
#0469 Yanmega Coleottero/Volante
50%
#0717 Yveltal Buio/Volante
50%
#0634 Zweilous Buio/Drago
50%
#0681 Aegislash Acciaio/Spettro
38%
#0698 Amaura Roccia/Ghiaccio
38%
#0683 Aromatisse Folletto
38%
#0699 Aurorus Roccia/Ghiaccio
38%
#0713 Avalugg Ghiaccio
38%
#0689 Barbaracle Roccia/Acqua
38%
#0712 Bergmite Ghiaccio
38%
#0688 Binacle Roccia/Acqua
38%
#0654 Braixen Fuoco
38%
#0659 Bunnelby Normale
38%
#0703 Carbink Roccia/Folletto
38%
#0692 Clauncher Acqua
38%
#0693 Clawitzer Acqua
38%
#0702 Dedenne Elettro/Folletto
38%
#0719 Diancie Roccia/Folletto
38%
#0660 Diggersby Normale/Terra
38%
#0680 Doublade Acciaio/Spettro
38%
#0691 Dragalge Veleno/Drago
38%
#0677 Espurr Psico
38%
#0669 Flabébé Folletto
38%
#0662 Fletchinder Fuoco/Volante
38%
#0661 Fletchling Normale/Volante
38%
#0670 Floette Folletto
38%
#0671 Florges Folletto
38%
#0676 Furfrou Normale
38%
#0673 Gogoat Erba
38%
#0706 Goodra Drago
38%
#0704 Goomy Drago
38%
#0711 Gourgeist Spettro/Erba
38%
#0701 Hawlucha Lotta/Volante
38%
#0695 Heliolisk Elettro/Normale
38%
#0694 Helioptile Elettro/Normale
38%
#0679 Honedge Acciaio/Spettro
38%
#0720 Hoopa Psico/Spettro
38%
#0686 Inkay Buio/Psico
38%
#0667 Litleo Fuoco/Normale
38%
#0687 Malamar Buio/Psico
38%
#0458 Mantyke Acqua/Volante
38%
#0678 Meowstic Psico
38%
#0714 Noibat Volante/Drago
38%
#0715 Noivern Volante/Drago
38%
#0674 Pancham Lotta
38%
#0675 Pangoro Lotta/Buio
38%
#0708 Phantump Spettro/Erba
38%
#0474 Porygon-Z Normale
38%
#0710 Pumpkaboo Spettro/Erba
38%
#0668 Pyroar Fuoco/Normale
38%
#0651 Quilladin Erba
38%
#0664 Scatterbug Coleottero
38%
#0672 Skiddo Erba
38%
#0690 Skrelp Veleno/Acqua
38%
#0705 Sliggoo Drago
38%
#0685 Slurpuff Folletto
38%
#0665 Spewpa Coleottero
38%
#0682 Spritzee Folletto
38%
#0684 Swirlix Folletto
38%
#0663 Talonflame Fuoco/Volante
38%
#0709 Trevenant Spettro/Erba
38%
#0697 Tyrantrum Roccia/Drago
38%
#0696 Tyrunt Roccia/Drago
38%
#0666 Vivillon Coleottero/Volante
38%
#0721 Volcanion Fuoco/Acqua
38%
#0718 Zygarde Drago/Terra
38%
Nessun quiz corrispondente trovato
Distribuzione punteggi
Percentuale di utenti per punteggio
Percentile per numero di risposta
I tuoi punteggi nel tempo
Non hai fatto questo quiz